Del epos a la historia científica: una visión de la historiografía a través del método
Análisis filosófico sobre el problema del método en la historia como disciplina científica. Así pues, se sumerge en la perspectiva del método historiográfico a través de diferentes momentos y espacios culturales de la historia, a saber, las culturas: griega, romana, el cristianismo antiguo, bizantin...
Guardado en:
| Hovedforfatter: | |
|---|---|
| Format: | Bog |
| Sprog: | Undetermined |
| Udgivet: |
Buenos Aires, Argentina
Nova
1966
|
| Fag: | |
| Tags: |
Tilføj Tag
Ingen Tags, Vær først til at tagge denne postø!
|
MARC
| LEADER | 00000nam a2200000Ia 4500 | ||
|---|---|---|---|
| 008 | 170316s9999 xx 000 0 und d | ||
| 040 | |a cru BVZT | ||
| 090 | |a 100 C-16d | ||
| 100 | |a Cassani, Jorge Luis |9 2069 | ||
| 245 | |a Del epos a la historia científica: una visión de la historiografía a través del método |c / Jorge Luis Cassani | ||
| 260 | |a Buenos Aires, Argentina |b Nova |c 1966 | ||
| 300 | |a 234 p. | ||
| 520 | |a Análisis filosófico sobre el problema del método en la historia como disciplina científica. Así pues, se sumerge en la perspectiva del método historiográfico a través de diferentes momentos y espacios culturales de la historia, a saber, las culturas: griega, romana, el cristianismo antiguo, bizantina, medieval, el humanismo renacentista, romántica, entre muchas otras, hasta llegar al método de la historia científica. | ||
| 650 | |a FILOSOFÍA |9 5 | ||
| 999 | |c 15855 |d 15855 | ||
| 942 | |c 15 D |h 100 C-16d |2 z | ||
